000 00723nam a22002177a 4500
999 _c159132
_d159132
005 20181204162148.0
006 a|||||f|||| 00| 0
007 tc
008 180720b xxu||||| |||| 00| 0 eng d
010 _aB-348033-B-348036
020 _c216.00(per set)
035 _aB-348033
037 _bA.I.C.B.
082 _a880
245 _aModern Indian Literature Poems Short Stories
260 _aDelhi
_bA.C.I.B.
_cN.D.
270 _aSector-5, Rohini,
_bNew Delhi
_e110085
300 _a2V., various pages.
_c30cm(HB).
942 _2ddc
_cBRLEN
_h880
_mMOD